00710nam a2200205Ia 4500003000400000005001700004008004100021020001800062040001800080041000800098082002300106100002100129245009700150250001200247260003800259300003300297650004200330650005700372650007500429OSt20220818105030.0210716s2013 xx 000 0 und d a9788126521494 cAIMIT LIBRARY aeng a570.1519529bDANW aDaniel, Wayne W. aBiostatistics:bBasic concepts and methodology for the health sciences /cBy Wayne W Daniel. a9th ed. aNew Delhi :bWiley India ,c2013. axi,783,A-151,I-6p. ;c24 cm. aGetting acquainted with biostatistics aProbabilistic features of certain data distributions aUsing sample statistics to test hypotheses about population parameters